000 00430nam a2200181Ia 4500
001 1440
005 20260306143728.0
008 260306t2001||||xx |||||||||||||| ||spa||
041 _aESP
082 _a150.15195
_bA76
100 _aArton, Arthur
_eAUT
245 0 _aEstadística para Psicología
260 _c2001
300 _a736 páginas :
_c25,5 X 19,5 cm.
650 _aGEN
654 _aCPS
942 _cLIB
_dJUS
_fJUS
_2ddc
_n
999 _c1440
_d1440